000 00331nam a22000977a 4500
008 150730b xxu||||| |||| 00| 0 eng d
010 _8HCCRSARF:040
245 _aHIGH COURT CRIMINAL SESSION NO.72 OF 1991 Uganda Vs 1. Joseph Lutalo 2. Valist Byamungu
260 _aHigh Court Kampala
500 _3BEFORE: Hon. Mr. L.E.M. Mukasa Kikonyogo
999 _c8325
_d8325